| 000 | 00574cam a2200193 i 4500 | ||
|---|---|---|---|
| 020 | _a040870571X : | ||
| 082 | 0 | 0 |
_a624.1771 _bMAJ _cL-20, P-135 |
| 100 | 1 |
_aMajid, K. I. _942329 |
|
| 245 | 1 | 0 |
_aOptimum design of structures / _cK. I. Majid. |
| 260 |
_aLondon : _bNewnes-Butterworths, _c1974. |
||
| 300 |
_a[14], 264 p. : _bill. ; _c23 cm. |
||
| 500 | _aIncludes index. | ||
| 526 |
_a0 _b0 _c0 _d624_177100000000000_MAJ |
||
| 650 | 0 |
_aMathematical optimization. _910023 |
|
| 650 | 0 |
_aMatrices. _92986 |
|
| 650 | 0 |
_aMCE _9379 |
|
| 650 | 0 | _aStructural design. | |
| 942 |
_2ddc _cBK |
||
| 999 |
_c546753 _d546753 |
||